Sports Quiz

Random Sports or NBA Quiz

Philadelphia 76ers All-Time Leaders Quiz Stats

 Plays Quiz Updated May 17, 2018

Challenge
Share
Tweet
Embed
Score 0/50 Timer 06:00
1 Play Today
% Correct
Allen Iverson
98.2%
Allen Iverson
98.2%
Allen Iverson
98.2%
Julius Erving
87.9%
Julius Erving
87.9%
Julius Erving
87.9%
Julius Erving
87.9%
Julius Erving
87.9%
Moses Malone
75.2%
Charles Barkley
72.2%
Charles Barkley
72.2%
Charles Barkley
72.2%
Charles Barkley
72.2%
Wilt Chamberlain
65.8%
Maurice Cheeks
56.1%
Maurice Cheeks
56.1%
Maurice Cheeks
56.1%
Andre Iguodala
55.4%
Andre Iguodala
55%
Andre Iguodala
54.3%
Bobby Jones
44.2%
Bobby Jones
44.2%
Caldwell Jones
44%
Caldwell Jones
44%
Hal Greer
39.5%
% Correct
Hal Greer
39.5%
Hal Greer
39.5%
Eric Snow
38.1%
Eric Snow
38.1%
Billy Cunningham
34.4%
Billy Cunningham
34.4%
Billy Cunningham
34.4%
Darryl Dawkins
27.7%
Dolph Schayes
26.5%
Dolph Schayes
26.5%
Dolph Schayes
26.5%
Samuel Dalembert
22%
Samuel Dalembert
22%
Luke Jackson
21.7%
Thaddeus Young
20.6%
Theo Ratliff
18.9%
Hersey Hawkins
18.4%
Manute Bol
16.3%
Chet Walker
12.4%
Clarence Weatherspoon
11.7%
Steve Mix
7.6%
Red Kerr
7.3%
Red Kerr
7.3%
Larry Costello
4.2%
Paul Seymour
2.8%

You're not logged in!

Compare scores with friends on all Sporcle quizzes.
OR
Log In

You Might Also Like...

Show Comments

Extras

Top Quizzes Today


Score Distribution

Your Account Isn't Verified!

In order to create a playlist on Sporcle, you need to verify the email address you used during registration. Go to your Sporcle Settings to finish the process.

Report this User

Report this user for behavior that violates our Community Guidelines.

Details: